000 00294nam a2200121 i 4500
001 bg
245 0 _aSpołeczne problemy pracy i produkcji /
_cp. red. G.W. Osipowa.
260 _aWarszawa,
_c1970.
040 _cBPK
041 _apol
942 _cKS
008 s pl f |000 0 pol
999 _c21372
_d21372
856 _uhttp://koha.tu.koszalin.pl/cgi-bin/koha/opac-detail.pl?biblionumber=21372
_yKatalog online BPK